Özel-yerel radyo yayıncılığı ve Almanya deneyimi (Record no. 5967)

MARC details
000 -BAŞLIK
Sabit Uzunlukta Kontrol Alanı 00709na a2200217 4500
001 - KONTROL NUMARASI
Denetim Alanı 19013
003 - KONTROL NUMARASI IDENTIFIER
Denetim Alanı MIRAKIL
005 - SON İŞLEM TARİHİ VE ZAMANI
Denetim Alanı 20181213155052.0
008 - SABİT-BOY VERİ ELEMANLARI - GENEL BİLGİLER
Sabit Uzunlukta Kontrol Alanı 161206b tu 000 0
040 ## - KATALOGLAMA KAYNAK
Orijinal Kataloglama Ajansı Milas
Kataloglama Dili tur
Metne Dönüştürmek Ajansı TR-AnCHP
041 ## - DİL KODU
Metin / Ses Parça Veya Ayrı Başlığın Dil Kodu tur
082 ## - DEWEY ONLU SINIFLANDIRMA NUMARASI
Sınıflandırma Numarası 384.54043
Ürün Numarası Ö93 [1993]
090 ## - SINIFLAMA NUMARASI
Sınıflama Numarası 384.54043 Ö93 [1993]
245 ## - BAŞLIK TABLOSU
Başlık Özel-yerel radyo yayıncılığı ve Almanya deneyimi
Başlığın Kalan (Yasal, ekonomik, örgütsel temeller)
Sorumluluk Tablosu, Vb TÜSES
246 ## - UNVAN FORM VARYING
Başlık Doğru / Kısa Başlığı Yasal, ekonomik, örgütsel temeller
260 ## - YAYIN, DAĞITIM, VB
Yayın, Dağıtım, Vb Yeri [İstanbul]
Yayıncı, Dağıtıcı, Vs Adı TÜSES Yayınları
Yayın, Dağıtım, Vb Tarihi [1993]
300 ## - FİZİKSEL TANIM
Kapsam 43 s.
Boyutlar 27 sm.
650 ## - KONU KATMA GİRİŞ - TOPİKAL DÖNEM
Topikal Süreli Veya Coğrafi Ad Giriş Elemanı Radyo yayıncılığı
Coğrafi Alt Bölümü Almanya
710 ## - KATMA GİRİŞ - KURUMSAL ADI
Giriş Elemanı Olarak Kurumsal Ad Veya Yargı Alanı Adı Türkiye Sosyal Ekonomik Siyasal Araştırmalar Vakfı
942 ## - EKLENDİ GİRİŞ ELEMANLARI (KOHA)
Sınıflandırma Veya Raf Düzeni Kaynak Dewey Decimal Classification
Koha Öğesi Türü Books
999 ## - SİSTEM KONTROL NUMARALARI (KOHA)
Koha Biblionumber 5967
Koha Biblioitemnumber 5967
Holdings
Kalıcı Konum Mevcut Konum Edinme Tarihi Edinim Kaynak Toplam Check-Out'Lar Tam Çağrı Numarası Barkod Tarih Son Görülme İtibaren Geçerli Fiyatlar Koha Öğesi Türü
CHP Kütüphanesi CHP Kütüphanesi 12/06/2016 Bağış   384.54043 Ö93 [1993] 008925 12/06/2016 12/06/2016 Books